Normal view
MARC view
Entry Topical Term
001 - CONTROL NUMBER
- control field: 60014
003 - CONTROL NUMBER IDENTIFIER
- control field:
005 - DATE AND TIME OF LATEST TRANSACTION
- control field: 20241009135417.0
008 - FIXED-LENGTH DATA ELEMENTS
- fixed length control field: 241009|| aca||aabn | a|a d
040 ## - CATALOGING SOURCE
- Original cataloging agency:
- Transcribing agency:
150 ## - HEADING--TOPICAL TERM
- Topical term or geographic name entry element: Human immortality
670 ## - SOURCE DATA FOUND
- Source citation: Work cat.: ()20553: JAMES, William 1842-1910 aut 41404, The will to believe, and other essays in popular philosophy /, 1897
